Grades de l'Armée de Terre française - Images. - Statistiques

Statistiques générales
  • Ce quiz a été pris 1 650 fois
    1 643 depuis la dernière actualisation
  • Le résultat moyen est 16 sur 21
Statistiques - réponses
Par images Hint Réponse % Correct
Officiers supérieurs Colonel
84%
Militaires du rang Caporal
82%
Militaires du rang Soldat
82%
Officiers généraux Général d'armée
81%
Officiers subalternes Lieutenant
81%
Officiers supérieurs Lieutenant-Colonel
81%
Officiers subalternes Capitaine
80%
Sous-officiers Sergent
80%
Sous-officiers Sergent-Chef
80%
Militaires du rang Caporal-Chef
79%
Officiers supérieurs Commandant
78%
Sous-officiers Adjudant
77%
Sous-officiers Major
77%
Distinction Maréchal de France
77%
Officiers subalternes Sous-Lieutenant
77%
Sous-officiers Adjudant-Chef
76%
Officiers subalternes Aspirant
76%
Officiers généraux Général de brigade
76%
Officiers généraux Général de division
73%
Officiers généraux Général de corps d'armée
67%
Officiers subalternes Élève-officier
31%
Aucun quiz correspondant
Distribution des résultats
% des personnes avec chaque résultat
Percentile par nombre de réponses
Votre historique - résultats
Vous n’avez pas pris ce quiz depuis la dernière actualisation